First 100 words of Nineteen Eighty-Four (1984) - Statistics

General Stats
  • This quiz has been taken 271 times
  • The average score is 42 of 100
Answer Stats
Word % Correct
a
99%
the
96%
The
96%
an
92%
was
92%
It
90%
it
90%
in
88%
and
84%
day
78%
to
71%
of
70%
were
60%
cold
58%
his
56%
for
52%
At
50%
Winston
50%
man
49%
not
47%
had
46%
thirteen.
45%
from
41%
one
41%
clocks
39%
April,
38%
him.
38%
Smith,
38%
too
37%
striking
34%
with
32%
wind,
30%
than
29%
into
28%
bright
27%
though
27%
been
24%
face,
22%
face
22%
end
21%
effort
19%
large
18%
more
17%
chin
16%
old
16%
poster,
16%
through
16%
Victory
15%
wall.
14%
dust
13%
enough
13%
escape
13%
glass
13%
Mansions,
13%
breast
12%
doors
12%
along
11%
cabbage
11%
hallway
11%
nuzzled
11%
prevent
11%
quickly
11%
vile
11%
boiled
10%
swirl
10%
display,
9%
entering
9%
gritty
9%
slipped
9%
smelt
9%
coloured
8%
depicted
8%
enormous
8%
indoor
8%
mats.
8%
rag
8%
simply
8%
tacked
8%
wide:
8%
metre
7%
No matching quizzes found
Score Distribution
Percent of People with Each Score
Percentile by Number Answered
Your Score History
You have not taken this quiz